000 00586nam a2200193Ia 4500
003 IN-BaIIA
008 211028s9999 xx 000 0 eng d
040 _cIIA Library
080 _a523.43
_bGLA
100 _aGlasstone, Samuel
_96031
245 4 _aThe book of mars
_cSamuel Glasstone
260 _aWashington
_bNational Aeronautics and Space Administration
_c1968
300 _avii, 315p.
490 _aNASA SP; 179
650 _aAstronomy and astrophysics thesaurus
650 _aMars
_91378
650 _aPlanet Mars
_91263
942 _cBK
999 _c3406
_d3406